| 000 | 00692nam a2200253 a 4500 | ||
|---|---|---|---|
| 003 | AR-BaBNM | ||
| 005 | 20251128203630.0 | ||
| 008 | 082120s2002 ||||||||||||||000 | spa|| | ||
| 040 | _cAR-BaBNM | ||
| 245 | 0 | 0 |
_aPoetas hispano-americanos en España _n5 |
| 260 |
_aMadrid _bEdiciones Cultura Hispánica _c1953 |
||
| 300 | _a185 p. | ||
| 490 | 0 |
_aPoesía de España y América _vv. 14 |
|
| 650 | 4 | _aLITERATURA LATINOAMERICANA | |
| 650 | 4 | _aESCRITORES | |
| 650 | 4 | _aPOESIA | |
| 650 | 4 | _aANTOLOGIAS | |
| 650 | 4 | _aLITERATURA CONTEMPORANEA | |
| 655 | _aLITERATURA | ||
| 700 | 1 |
_aLaredo, Alonso _ecompilador |
|
| 700 | 1 |
_aCarranza, Eduardo _eprologuista |
|
| 942 | _cBK | ||
| 998 | _cMARTIN | ||
| 999 |
_c4241 _d4241 |
||